Statistics for All Time Miami Heat Roster

Click here to take the quiz!

General Stats

  • This quiz has been taken 46 times
    (17 since last reset)
  • The average score is 31 of 239

Answer Stats

Player % Correct
LeBron James
100%
Tim James
100%
Dwyane Wade
100%
Mike James
100%
Chris Bosh
80%
Malik Allen
67%
Jermaine O'Neal
67%
Ray Allen
67%
Shaquille O'Neal
67%
Alonzo Mourning
60%
Shawne Williams
53%
Matt Williams
53%
Jason Williams
53%
Mario Chalmers
53%
Derrick Williams
53%
Walt Williams
53%
Tim Hardaway
53%
Penny Hardaway
53%
Derrick Jones
47%
Bobby Jones
47%
Damon Jones
47%
Alexander Johnson
47%
James Jones
47%
Udonis Haslem
47%
James Johnson
47%
Joe Johnson
47%
Ken Johnson
47%
Tyler Johnson
47%
Eddie Jones
47%
Mike Miller
47%
Zoran Dragic
40%
Okaro White
40%
Chris Andersen
40%
Goran Dragic
40%
Hassan Whiteside
33%
Norris Cole
33%
Shane Battier
33%
Gary Payton
27%
Henry Walker
27%
Willie Anderson
27%
Gerald Green
27%
Derek Anderson
27%
Shandon Anderson
27%
Samaki Walker
27%
Antoine Walker
27%
A.C. Green
27%
Jamal Robinson
20%
Kelly Olynyk
20%
Billy Thompson
20%
Bam Adebayo
20%
Caron Butler
20%
Rasual Butler
20%
Joel Anthony
20%
Quentin Richardson
20%
Josh Richardson
20%
Lamar Odom
13%
Charles Smith
13%
Tony Smith
13%
Harold Miner
13%
Dan Majerle
13%
Glen Rice
13%
Amar'e Stoudemire
13%
Jeff Malone
13%
Shawn Marion
13%
Rony Seikaly
13%
Juwan Howard
13%
Zydrunas Ilgauskas
13%
Terrel Harris
13%
Steve Smith
13%
Justise Winslow
13%
Mike Bibby
13%
Eddy Curry
13%
Dion Waiters
13%
Danny Schayes
7%
Shannon Brown
7%
P.J. Brown
7%
Ernest Brown
7%
Jason Kapono
7%
Rashard Lewis
7%
Jamie Watson
7%
James Scott
7%
Erick Dampier
7%
John Wallace
7%
Rex Walters
7%
Willie Reed
7%
Briante Weber
7%
Michael Beasley
7%
Terry Porter
7%
James Posey
7%
Terry Mills
7%
Dexter Pittman
7%
Wesley Person
7%
Smush Parker
7%
Carlos Arroyo
7%
Luke Babbitt
7%
Jordan Mickey
7%
Jerome Beasley
7%
Mark Davis
7%
Sean Marks
7%
Jamal Mashburn
7%
Josh McRoberts
7%
Rodney McGruder
7%
Jamaal Magloire
7%
Dwayne Washington
7%
Jerry Stackhouse
7%
Sherman Douglas
7%
Justin Hamilton
7%
Tang Hamilton
7%
Anthony Taylor
7%
Danny Granger
7%
Luke Jackson
7%
Toney Douglas
7%
Brian Grant
7%
Kurt Thomas
7%
Gary Grant
7%
Sylvester Gray
7%
Kendall Gill
7%
Ronny Turiaf
7%
Jarvis Varnado
7%
Tellis Frank
7%
Eddie House
7%
Mark Strickland
7%
Rod Strickland
7%
Luol Deng
7%
Tyrone Hill
7%
Terry Davis
7%
Ricky Davis
7%
Brian Shaw
7%
Jim Jackson
7%
Qyntel Woods
0%
Dorell Wright
0%
Otis Thorpe
0%
Loren Woods
0%
Dave Popson
0%
Jarnell Stokes
0%
Ed Pinckney
0%
Vladimir Stepania
0%
Kirk Penney
0%
Rory Sparrow
0%
Kevin Willis
0%
Billy Owens
0%
Chris Quinn
0%
John Shasky
0%
Clarence Weatherspoon
0%
Wayne Simien
0%
Jon Sundvold
0%
Wang Zhizhi
0%
Milton Wagner
0%
Matt Walsh
0%
Derrick Walton
0%
John Salley
0%
Jim Rowinski
0%
Shavlik Randolph
0%
Morlon Wiley
0%
Kevin Pritchard
0%
Khalid Reeves
0%
Terrence Rencher
0%
Kelvin Upshaw
0%
Beno Udrih
0%
Clinton Wheeler
0%
Kasib Powell
0%
Alec Kessler
0%
Josh Crotty
0%
Pat Cummings
0%
Predrag Danilovic
0%
Tyrone Corbin
0%
Daequan Cook
0%
Rex Chapman
0%
Bimbo Coles
0%
Marty Conlon
0%
Andre Dawkins
0%
Todd Day
0%
Kevin Edwards
0%
Wayne Ellington
0%
LaPhonso Ellis
0%
Blue Edwards
0%
Ledell Eackles
0%
Yakhouba Diawara
0%
Michael Doleac
0%
Keyon Dooling
0%
Cedric Ceballos
0%
Duane Causwell
0%
Milos Babic
0%
Marcus Banks
0%
Earl Barron
0%
Isaac Austin
0%
Keith Askins
0%
Blake Ahearn
0%
Gary Alexander
0%
Rafer Alston
0%
Brent Barry
0%
Winston Bennett
0%
Rodney Buford
0%
Willie Burton
0%
Anthony Carter
0%
Bruce Bowen
0%
Manute Bol
0%
Travis Best
0%
Mark Blount
0%
LeRon Ellis
0%
James Ennis
0%
Sam Mack
0%
Don MacLean
0%
Anthony Mason
0%
Grant Long
0%
Brad Lohaus
0%
Voshon Lenard
0%
DeAndre Liggins
0%
Shaun Livingston
0%
Roger Mason
0%
Todd Mitchell
0%
Shabazz Napier
0%
Craig Neal
0%
Greg Oden
0%
Pete Myers
0%
Martin Muursepp
0%
Jamario Moon
0%
John Morton
0%
Eric Murdock
0%
Stephane Lasme
0%
Antonio Lang
0%
Matt Geiger
0%
Mickell Gladness
0%
Ronnie Grandison
0%
Chris Gatling
0%
Kevin Gamble
0%
Matt Fish
0%
Gerald Fitch
0%
Todd Fuller
0%
Scott Haffner
0%
Josh Harrellson
0%
Stacey King
0%
Christian Laettner
0%
Sean Lampley
0%
Harold Jamison
0%
Robert Hite
0%
Scott Hastings
0%
Luther Head
0%
Alan Ogg
0%

Score Distribution

Percentile by Number Answered

Percent of People with Each Score

Your Score History

You have not taken this quiz since the last reset